Новые реакции алкинов с реагентами на основе триоксида серы и новыеметоды получения и синтетического использования сультонов исультамов: автореферат диссертации на соискание ученой степени доктора химических наук; спец. 02.00.03

Detalles Bibliográficos
Autor Principal: Рогачев В. О. Виктор Олегович
Autor Corporativo: Томский политехнический университет (ТПУ)
Outros autores: Филимонов В. Д. Виктор Дмитриевич (научный консультант)
Summary:Заглавие с титульного экрана
Электронная версия печатной публикации
Idioma:ruso
Publicado: Томск, 2009
Subjects:
Acceso en liña:http://www.lib.tpu.ru/fulltext/a/2009/42.pdf
Formato: MixedMaterials Electrónico Libro
KOHA link:https://koha.lib.tpu.ru/cgi-bin/koha/opac-detail.pl?biblionumber=161151

MARC

LEADER 00000nlm0a2200000 4500
001 161151
005 20231220151642.0
035 |a (RuTPU)RU\TPU\book\174762 
090 |a 161151 
100 |a 20090604d2009 k y0rusy50 ca 
101 0 |a rus 
102 |a RU 
105 |a a dm 000zy 
135 |a drbn ---uucaa 
181 0 |a i  
182 0 |a b 
200 1 |a Новые реакции алкинов с реагентами на основе триоксида серы и новыеметоды получения и синтетического использования сультонов исультамов  |e автореферат диссертации на соискание ученой степени доктора химических наук  |e спец. 02.00.03  |f В. О. Рогачев  |g Томский политехнический университет (ТПУ) ; науч. конс. В. Д. Филимонов 
203 |a Текст  |c электронный 
210 |a Томск  |d 2009 
215 |a 1 файл (1239 Kb) 
300 |a Заглавие с титульного экрана 
300 |a Электронная версия печатной публикации 
337 |a Adobe Reader 
452 1 |0 (RuTPU)RU\TPU\book\172832  |t Новые реакции алкинов с реагентами на основе триоксида серы и новые методы получения и синтетического использования сультонов и сультамов  |o автореферат диссертации на соискание ученой степени доктора химических наук  |o спец. 02.00.03  |f В. О. Рогачев  |g Томский политехнический университет (ТПУ) ; науч. конс. В. Д. Филимонов  |c Томск  |n Б.и.  |d 2009  |p 37 с.  |a Рогачев, Виктор Олегович 
606 1 |a Органический синтез  |x Химические реактивы  |2 stltpush  |3 (RuTPU)RU\TPU\subj\75480  |9 87244 
610 1 |a триоксид серы 
610 1 |a алкены 
610 1 |a алкины 
610 1 |a триоксид серы 
610 1 |a химические реакции 
610 1 |a внутримолекулярная реакция Дильса-Альдера 
610 1 |a хиральные соединения 
610 1 |a стереоселективные реакции 
610 1 |a терминальные ацетилены 
610 1 |a реактивы 
610 1 |a оборудование 
610 1 |a эксперименты 
610 1 |a серная кислота 
610 1 |a нитраты 
610 1 |a серный андигрид 
610 1 |a циклические сульфониламиды 
610 1 |a эпоксидирование 
610 1 |a сультамы 
610 1 |a стереоселективный синтез 
610 1 |a авторефераты диссертаций 
610 1 |a труды учёных ТПУ 
610 1 |a электронный ресурс 
675 |a 547.057(04)  |v 3 
686 |a 02.00.03  |2 oksvnk 
700 1 |a Рогачев  |b В. О.  |c химик  |c инженер Томского политехнического университета, доктор химических наук  |f 1975-  |g Виктор Олегович  |3 (RuTPU)RU\TPU\pers\31834 
702 1 |a Филимонов  |b В. Д.  |c химик  |c профессор Томского политехнического университета, доктор химических наук  |f 1945-  |g Виктор Дмитриевич  |3 (RuTPU)RU\TPU\pers\12908  |4 695  |9 3693 
712 0 2 |a Томский политехнический университет (ТПУ)  |c (1991- )  |3 (RuTPU)RU\TPU\col\376 
801 1 |a RU  |b 63413507  |c 20090604  |g PSBO 
801 2 |a RU  |b 63413507  |c 20161122  |g RCR 
856 4 |u http://www.lib.tpu.ru/fulltext/a/2009/42.pdf 
942 |c CF